000 00564nam a2200229Ia 4500
003 OSt
005 20220924144432.0
006 a|||||r|||| 00| 0
007 ta
008 220923b |||||||| |||| 00| 0 urd d
024 _a314363
037 _cTextual
040 _aARTS
_cARTS
_burd
041 _2urd
_aurd
082 _aO168,1N132x, H1
100 _aOsmania Zaib
_9217622
245 0 _aMata-e-haram
260 _c1941
650 _aURDU POETRY
942 _hO168,1N132x, H1
_cTEXL
_2CC
999 _c457035
_d457035